Ot monopolizma - k effektivnomu mnogoobraziju chozjajstvovanija na zemle.
Priznanie rôznych foriem vlastníctva a spôsobov hospodárenia prijatím zákonov o vlastníctve a o pôde. Finančný aspekt pôdnych vzťahov. Rezervy v potenciálnych možnostiach kolchoznej formy hospodárenia. Kolektívny záujem ako materiálny základ samorozvoja a samosprávy v kolektíve.
Saved in:
| Main Author: | |
|---|---|
| Format: | Book Chapter |
| Language: | Russian |
| Subjects: | |
| Tags: |
No Tags, Be the first to tag this record!
|
MARC
| LEADER | 00000naa a2200000 4500 | ||
|---|---|---|---|
| 001 | r002240 | ||
| 005 | 20220819192406.5 | ||
| 041 | 0 | |a rus | |
| 044 | |a [SU] | ||
| 245 | 1 | 0 | |a Ot monopolizma - k effektivnomu mnogoobraziju chozjajstvovanija na zemle. |c I. Suslov |
| 520 | |a Priznanie rôznych foriem vlastníctva a spôsobov hospodárenia prijatím zákonov o vlastníctve a o pôde. Finančný aspekt pôdnych vzťahov. Rezervy v potenciálnych možnostiach kolchoznej formy hospodárenia. Kolektívny záujem ako materiálny základ samorozvoja a samosprávy v kolektíve. | ||
| 610 | 2 | 0 | |a vlastníctvo |
| 610 | 2 | 0 | |a pôda |
| 610 | 2 | 0 | |a zákony |
| 610 | 2 | 0 | |a ZSSR |
| 610 | 2 | 0 | |a kolchozy |
| 610 | 2 | 0 | |a samospráva |
| 610 | 2 | 0 | |a kolektív pracovný |
| 100 | 1 | |a Suslov, I. | |